Hodnotenie výkonnosti podniku na základe metód finančnej analýzy diplomová práca

Saved in:
Bibliographic Details
Main Author: Babinčáková, Diana
Corporate Author: Podnikovohospodárska fakulta EU so sídlom v Košiciach. Katedra finančného riadenia podniku
Other Authors: Lukáč, Jozef, 1991-
Format: Book
Language:Slovak
Published: Košice 2024
Tags: Add Tag
No Tags, Be the first to tag this record!

MARC

LEADER 00000nbm a2200000 4500
001 0301369
005 20250227100610.5
041 0 |a slo 
044 |a SK 
245 1 0 |a Hodnotenie výkonnosti podniku na základe metód finančnej analýzy  |b diplomová práca  |c Diana Babinčáková ; školiteľ: Jozef Lukáč 
264 1 |a Košice  |c 2024 
300 |a 83 s. 
100 1 |a Babinčáková, Diana 
700 1 |a Lukáč, Jozef, 1991- 
710 2 |a Podnikovohospodárska fakulta EU so sídlom v Košiciach. Katedra finančného riadenia podniku